[Event "OLNW 2122 SV Werder Bremen III - SK Uni"]
[Site "?"]
[Date "2022.05.29"]
[Round "6.2"]
[White "Brinkmann, Fabian"]
[Black "Wittje, Berthold"]
[Result "1/2-1/2"]
[WhiteElo "2145"]
[BlackElo "2229"]
[PlyCount "53"]
[EventDate "2022.??.??"]

1. d4 Nf6 2. Nf3 e6 3. c4 d5 4. g3 Be7 5. Bg2 O-O 6. O-O dxc4 7. Qc2 a6 8. Qxc4
b5 9. Qc2 Bb7 10. Nbd2 Nbd7 11. b3 Rc8 12. Rd1 c5 13. Bb2 cxd4 14. Qb1 Qc7 15.
Nxd4 Bxg2 16. Kxg2 Nd5 17. N2f3 Bf6 18. Rc1 Qb7 19. Rxc8 Rxc8 20. Qe1 Ne5 21.
Rc1 Nxf3 22. exf3 h6 23. Qd2 Rc7 24. Ne2 Bxb2 25. Qxb2 Qc8 26. Rxc7 Qxc7 27.
Qc1 1/2-1/2

[Event "OLNW 2122 SK Nordhorn Blanke - SK Lehrt"]
[Site "?"]
[Date "2022.05.29"]
[Round "6.2"]
[White "Bertholee, Rob"]
[Black "Hartogh, Christian"]
[Result "1-0"]
[WhiteElo "2317"]
[BlackElo "2124"]
[PlyCount "73"]
[EventDate "2022.??.??"]

1. c4 c5 2. Nf3 Nf6 3. Nc3 Nc6 4. d4 cxd4 5. Nxd4 e5 6. Ndb5 Bc5 7. Nd6+ Ke7 8.
Nxc8+ Rxc8 9. e3 Bb4 10. Bd2 d5 11. cxd5 Nxd5 12. Qb3 Nxc3 13. bxc3 Ba5 14.
Qxb7+ Rc7 15. Qb3 Qd6 16. Bb5 Rb8 17. Qa4 Qc5 18. Bxc6 Bxc3 19. O-O Qxc6 20.
Qh4+ Qf6 21. Qxf6+ Kxf6 22. Rac1 Rbc8 23. Bxc3 Rxc3 24. Rxc3 Rxc3 25. Rd1 Rc2
26. Ra1 Ke6 27. h4 a5 28. a4 Rc4 29. g3 Kd5 30. Kg2 Kc5 31. h5 Rg4 32. Rb1 Rxa4
33. Rb7 Rg4 34. Rxf7 e4 35. Rf5+ Kd6 36. Rxa5 g6 37. h6 1-0

[Event "OLNW 2122 SK Nordhorn Blanke - SK Lehrt"]
[Site "?"]
[Date "2022.05.29"]
[Round "6.3"]
[White "Schruefer, Guenther"]
[Black "Stotyn, Fabian"]
[Result "1-0"]
[WhiteElo "2177"]
[BlackElo "2178"]
[PlyCount "85"]
[EventDate "2022.??.??"]

1. e4 e6 2. d4 d5 3. Nd2 Nc6 4. Ngf3 Nf6 5. e5 Nd7 6. Bb5 a6 7. Bxc6 bxc6 8.
O-O c5 9. c4 c6 10. dxc5 Nxc5 11. Nb3 Rb8 12. Nfd4 Bd7 13. Nxc5 Bxc5 14. Nb3
Ba7 15. Qg4 Kf8 16. c5 Rb5 17. Bd2 h5 18. Qa4 Kg8 19. Rac1 Kh7 20. Rfe1 Qe7 21.
Qf4 Rhb8 22. Re3 Bxc5 23. Rh3 Bb4 24. Rxh5+ Kg8 25. Be3 f5 26. Qg3 Be8 27. Rh4
Qf7 28. Qh3 Kf8 29. a3 Bxa3 30. bxa3 Ke7 31. Rb4 f4 32. Qh4+ Kd7 33. Nc5+ Kc8
34. Rxf4 Qg6 35. Qe7 Rb1 36. Rf8 Rxc1+ 37. Bxc1 Rb1 38. Rxe8+ Qxe8 39. Qxe8+
Kc7 40. Qd7+ Kb8 41. Nxa6+ Ka8 42. Qxc6+ Ka7 43. Nb4 1-0

[Event "OLNW 2122 SK Nordhorn Blanke - SK Lehrt"]
[Site "?"]
[Date "2022.05.29"]
[Round "6.4"]
[White "Oehne, Timo"]
[Black "Zschischang, Gunnar"]
[Result "1-0"]
[WhiteElo "2100"]
[BlackElo "2094"]
[PlyCount "63"]
[EventDate "2022.??.??"]

1. d4 Nf6 2. Nf3 e6 3. g3 b6 4. Bg2 Bb7 5. O-O Be7 6. c4 d6 7. Nc3 Nbd7 8. Qc2
c5 9. e4 cxd4 10. Nxd4 Qc7 11. b3 a6 12. Bb2 O-O 13. Qe2 Rfe8 14. Kh1 Bf8 15.
f4 e5 16. Nf5 g6 17. fxe5 dxe5 18. Ne3 Bg7 19. Ned5 Nxd5 20. Nxd5 Bxd5 21. cxd5
Qb7 22. Rf2 f6 23. Raf1 b5 24. Bh3 Nc5 25. Qe3 Nd7 26. Rc1 Rac8 27. Rfc2 Rxc2
28. Rxc2 f5 29. Qc1 Nf6 30. Rc7 Qb6 31. Rc8 Qf2 32. Bxe5 1-0

[Event "OLNW 2122 SK Nordhorn Blanke - SK Lehrt"]
[Site "?"]
[Date "2022.05.29"]
[Round "6.6"]
[White "Baisakow, Alexander"]
[Black "Buehrmann, Torsten"]
[Result "1/2-1/2"]
[WhiteElo "2191"]
[BlackElo "1936"]
[PlyCount "105"]
[EventDate "2022.??.??"]

1. e4 e6 2. d4 d5 3. Nd2 Nc6 4. c3 e5 5. Ngf3 exd4 6. exd5 Qxd5 7. Bc4 Qh5 8.
O-O Be6 9. Bxe6 fxe6 10. Qb3 O-O-O 11. Qxe6+ Kb8 12. Nxd4 Nxd4 13. cxd4 Bd6 14.
h3 Nf6 15. Qb3 Rhf8 16. Nc4 Ne4 17. Be3 Rf6 18. Qd1 Qd5 19. Rc1 Rg6 20. f3 Ng3
21. Re1 Nf5 22. Bf2 Bg3 23. Bxg3 Rxg3 24. Ne3 Nxe3 25. Rxe3 Qg5 26. Re2 Rxf3
27. Qc2 Rf7 28. Rd1 h6 29. Re5 Qf4 30. Re4 Qf6 31. Qe2 a6 32. Rf1 Qg6 33. Rxf7
Qxf7 34. b3 Qf6 35. Qe3 b6 36. g4 Kb7 37. Kg2 Rf8 38. Qe2 Rf7 39. Re5 Qf4 40.
d5 Qd4 41. Qe3 Qd1 42. Qe2 Qd4 43. Qe3 Qa1 44. Qe2 Rd7 45. Rf5 Qd4 46. Qc4 Qd2+
47. Kg3 Rd6 48. Rf7 Qe3+ 49. Kg2 Qd2+ 50. Kg3 Qe3+ 51. Kg2 Qd2+ 52. Kg3 Qe1+
53. Kg2 1/2-1/2

[Event "OLNW 2122 SK Nordhorn Blanke - SK Lehrt"]
[Site "?"]
[Date "2022.05.29"]
[Round "6.7"]
[White "Weigand, Anton"]
[Black "Hoellmann, Ludger"]
[Result "1/2-1/2"]
[WhiteElo "1866"]
[BlackElo "2106"]
[PlyCount "125"]
[EventDate "2022.??.??"]

1. e4 c6 2. Nf3 d5 3. d3 e6 4. Bf4 Qb6 5. Qc1 Bc5 6. Bg3 Nf6 7. Nc3 Bb4 8. Nd2
O-O 9. e5 Nfd7 10. a3 Be7 11. Be2 c5 12. O-O Nc6 13. f4 Nd4 14. Bf2 f6 15. exf6
Bxf6 16. Bg4 Qd6 17. Nf3 Nxf3+ 18. Bxf3 Nb8 19. Re1 Bd7 20. Bg3 Qb6 21. Bf2 Na6
22. Rb1 Qc7 23. Bg3 Qa5 24. f5 Bd4+ 25. Kh1 Rxf5 26. Bg4 Rf7 27. Bxe6 Bxe6 28.
Rxe6 Bxc3 29. bxc3 Qxc3 30. Be5 d4 31. h3 Raf8 32. Kh2 Nc7 33. Bxc7 Rxc7 34.
Rb3 Qa5 35. Qg5 b6 36. Re7 Rxe7 37. Qxe7 Qd2 38. Rb1 Qxc2 39. Qe6+ Kh8 40. Rf1
Rg8 41. Rf3 Qc1 42. Qe7 h6 43. Qxa7 b5 44. Rf5 Rc8 45. Qd7 Ra8 46. Qxb5 Kh7 47.
Qc6 Rxa3 48. Qe4 Qe3 49. Rxc5+ Qxe4 50. dxe4 Re3 51. e5 Kg6 52. Rd5 Re4 53. Kg3
Kf5 54. Kf3 Rf4+ 55. Ke2 Ke6 56. Ra5 Re4+ 57. Kd3 Rxe5 58. Ra6+ Kf5 59. Kxd4
Re2 60. g3 h5 61. Ra5+ Kg6 62. h4 Rg2 63. Rg5+ 1/2-1/2

[Event "OLNW 2122 SK Nordhorn Blanke - SK Lehrt"]
[Site "?"]
[Date "2022.05.29"]
[Round "6.8"]
[White "Plasman, Hans"]
[Black "Haselhorst, Nils"]
[Result "1-0"]
[WhiteElo "2043"]
[BlackElo "1686"]
[PlyCount "79"]
[EventDate "2022.??.??"]

1. d4 Nf6 2. g3 d5 3. Nf3 e6 4. Bg2 Be7 5. c4 O-O 6. O-O dxc4 7. Qc2 b6 8. Ne5
Qxd4 9. Bxa8 Qxe5 10. Bf3 Ba6 11. Bf4 Qf5 12. Qxf5 exf5 13. Bxc7 Nbd7 14. Rd1
Nc5 15. Nc3 Nce4 16. Bxe4 Nxe4 17. Be5 Nxc3 18. bxc3 Bc8 19. Bd6 Bxd6 20. Rxd6
Be6 21. Rad1 g6 22. Rd8 b5 23. a3 a5 24. f3 Kg7 25. Kf2 Rxd8 26. Rxd8 Kf6 27.
Ke3 Ke7 28. Ra8 a4 29. Kd4 h5 30. Ra7+ Kd6 31. Ra6+ Ke7 32. Kc5 Bd7 33. Ra7 Ke6
34. Rxd7 Kxd7 35. Kxb5 Kd6 36. Kxc4 Kc6 37. Kb4 Kd5 38. Kb5 f6 39. c4+ Kd4 40.
c5 1-0

[Event "OLNW 2122 HSK Lister Turm - SF Hannover"]
[Site "?"]
[Date "2022.06.12"]
[Round "1.3"]
[White "Herrmann, Andreas"]
[Black "Walter, Stefan"]
[Result "0-1"]
[WhiteElo "2057"]
[BlackElo "2387"]
[PlyCount "120"]
[EventDate "2022.??.??"]

1. d4 f5 2. Nf3 Nf6 3. c3 g6 4. Bf4 Bg7 5. e3 O-O 6. Nbd2 d6 7. h3 Qe8 8. Be2
Kh8 9. a4 a5 10. O-O Nbd7 11. Bh2 Bh6 12. Qc2 e6 13. Rfe1 g5 14. Nc4 Rg8 15.
Nfd2 g4 16. hxg4 Nxg4 17. Bg3 Nxe3 18. Nxe3 Bxe3 19. Bf3 Bg5 20. Nf1 Nf6 21.
Bh2 Qg6 22. b4 Qh6 23. b5 Bf4 24. Bxf4 Qxf4 25. Qd3 Rg6 26. Qe3 Qh4 27. Nd2 Bd7
28. Kf1 Rag8 29. g3 Qh3+ 30. Ke2 Ng4 31. Bxg4 Qxg4+ 32. Qf3 b6 33. Rh1 Bc8 34.
Rh4 Qxf3+ 35. Nxf3 Bb7 36. Rah1 R8g7 37. R1h2 Rg4 38. Nd2 Rxh4 39. Rxh4 Rg6 40.
Nc4 Kg7 41. Ne3 Be4 42. f3 Bb7 43. c4 Rxg3 44. d5 Bc8 45. Kf2 Rg5 46. f4 Rg6
47. Rh5 e5 48. c5 exf4 49. Ng2 dxc5 50. Nxf4 Rh6 51. Rg5+ Kf7 52. Rg1 Rh2+ 53.
Kg3 Ra2 54. Rh1 Ra3+ 55. Kh4 Kf6 56. Nh5+ Ke5 57. Re1+ Kxd5 58. Rd1+ Ke5 59.
Re1+ Kd6 60. Rd1+ Ke7 0-1

[Event "OLNW 2122 HSK Lister Turm - SF Hannover"]
[Site "?"]
[Date "2022.06.12"]
[Round "1.5"]
[White "Ploog, Martin"]
[Black "Hampel, Felix"]
[Result "0-1"]
[WhiteElo "2049"]
[BlackElo "2306"]
[PlyCount "96"]
[EventDate "2022.??.??"]

1. e4 c5 2. Nf3 e6 3. Nc3 Nc6 4. d4 cxd4 5. Nxd4 Qc7 6. Be3 a6 7. Qf3 Bd6 8.
O-O-O Be5 9. Nxc6 bxc6 10. Bd4 Bxd4 11. Rxd4 Nf6 12. Qg3 Qxg3 13. hxg3 d5 14.
f3 Ke7 15. Ra4 a5 16. Ra3 h6 17. Rh4 g5 18. Rh1 e5 19. Bd3 Be6 20. Re1 d4 21.
Na4 Nd7 22. c4 Kd6 23. Rb3 Kc7 24. Rh1 h5 25. Kd2 f6 26. Ke2 Bf7 27. Kf2 Rab8
28. Rxb8 Rxb8 29. b3 Kd6 30. g4 hxg4 31. fxg4 Be6 32. Kg3 Nc5 33. Nxc5 Kxc5 34.
Rf1 a4 35. bxa4 Rb2 36. Rxf6 Bxc4 37. Bxc4 Kxc4 38. Rxc6+ Kd3 39. Kf3 Re2 40.
Rb6 Re3+ 41. Kf2 Rxe4 42. a5 Re2+ 43. Kg3 Rxa2 44. Rb5 Ke4 45. Rc5 d3 46. Rc4+
Ke3 47. Rc5 d2 48. Rxe5+ Kd4 0-1

[Event "OLNW 2122 HSK Lister Turm - SF Hannover"]
[Site "?"]
[Date "2022.06.12"]
[Round "1.7"]
[White "Spiess, Thomas"]
[Black "Buchenau, Frank"]
[Result "0-1"]
[WhiteElo "1992"]
[BlackElo "2263"]
[PlyCount "64"]
[EventDate "2022.??.??"]

1. Nf3 Nf6 2. c4 e6 3. e3 b6 4. d4 Bb7 5. Bd3 c5 6. O-O g6 7. Nc3 Bg7 8. d5
exd5 9. cxd5 Nxd5 10. Nb5 O-O 11. Nd6 Bc6 12. Bc4 Nc7 13. e4 Ne6 14. Qb3 Qe7
15. Rd1 Nd4 16. Nxd4 Bxd4 17. Bf4 Qf6 18. Qg3 b5 19. e5 Qg7 20. Bxb5 Bxb5 21.
Nxb5 Nc6 22. Rac1 Rab8 23. a4 Rb7 24. b3 a6 25. Nd6 Rb4 26. Nc4 f6 27. exf6
Qxf6 28. Be3 Rxb3 29. Rxd4 cxd4 30. Bg5 Rxg3 31. Bxf6 Rb3 32. Bg5 Rc3 0-1

[Event "OLNW 2122 HSK Lister Turm - SF Hannover"]
[Site "?"]
[Date "2022.06.12"]
[Round "1.8"]
[White "Wolter, Jens"]
[Black "Schmidt, Benjamin"]
[Result "1-0"]
[WhiteElo "2127"]
[BlackElo "1896"]
[PlyCount "81"]
[EventDate "2022.??.??"]

1. e4 c5 2. Nf3 d6 3. Bb5+ Nd7 4. O-O a6 5. Bxd7+ Bxd7 6. Re1 Nf6 7. e5 dxe5 8.
Nxe5 e6 9. d3 Be7 10. Qf3 b6 11. Nd2 O-O 12. Ndc4 b5 13. Nd2 Nd5 14. Nxd7 Qxd7
15. Ne4 Rac8 16. a3 c4 17. d4 Nf6 18. c3 Nxe4 19. Qxe4 Qc6 20. Qxc6 Rxc6 21. d5
Rd6 22. dxe6 Rxe6 23. Rxe6 fxe6 24. Be3 Rd8 25. Kf1 Kf7 26. Ke2 Rd5 27. a4 h6
28. Kf3 Bd6 29. axb5 Rf5+ 30. Kg4 h5+ 31. Kh3 axb5 32. Ra7+ Be7 33. f4 Kf8 34.
Kg3 e5 35. fxe5 Rxe5 36. Ra8+ Kf7 37. Kf3 Bf6 38. Bd4 Re8 39. Rxe8 Kxe8 40.
Bxf6 gxf6 41. Ke4 1-0